00347nam a2200109Ia 4500008004100000082002100041100001800062245006300080260002300143490005200166650001900218220204s9999 xx 000 0 und d a631.8:591.9bMAR aMARSHALL, V G 0aEffects of manures and fertilizers of soil fauna: A review aEnglandbCABc1977 aCommonwealth Bureau of soils, publication; no 3 aFaunal manures